Contabilidad de costos : (Registro nro. 172933)

Detalles MARC
000 -LEADER
fixed length control field 01346nam a22003731i 4500
001 - CONTROL NUMBER
control field bslw10065433
006 - FIXED-LENGTH DATA ELEMENTS--ADDITIONAL MATERIAL CHARACTERISTICS--GENERAL INFORMATION
fixed length control field m o d
007 - PHYSICAL DESCRIPTION FIXED FIELD--GENERAL INFORMATION
fixed length control field cr un ---uuuua
008 - FIXED-LENGTH DATA ELEMENTS--GENERAL INFORMATION
fixed length control field 230705s2017 ck d o 001 0 spa d
020 ## - INTERNATIONAL STANDARD BOOK NUMBER
International Standard Book Number 9789587714647
020 ## - INTERNATIONAL STANDARD BOOK NUMBER
International Standard Book Number 9789587714654
Qualifying information (eISBN)
035 ## -
-- 38441
040 ## - CATALOGING SOURCE
Original cataloging agency UtOrBLW
Language of cataloging eng
Description conventions rda
Transcribing agency UtOrBLW
050 #4 -
-- HF5686.C8
-- S56 2017
082 04 -
-- 657.42
-- 23
100 1# - MAIN ENTRY--PERSONAL NAME
Personal name Sinisterra Valencia, Gonzalo,
Relator term author.
245 10 - TITLE STATEMENT
Title Contabilidad de costos :
Remainder of title con aproximación a las normas internacionales /
Statement of responsibility, etc Gonzalo Sinisterra Valencia, Carlos Augusto Rincón Soto.
250 ## -
-- Segunda edición.
264 #1 -
-- Bogotá, Colombia :
-- Ecoe Ediciones,
-- 2017.
300 ## - PHYSICAL DESCRIPTION
Extent 1 online resource (xxii, 552 pages) :
Other physical details charts
336 ## -
-- text
-- txt
-- rdacontent
337 ## -
-- computer
-- c
-- rdamedia
338 ## -
-- online resource
-- cr
-- rdacarrier
490 1# - SERIES STATEMENT
Series statement Colección: Ciencias Empresariales. Área: Contabilidad y Finanzas
500 ## - GENERAL NOTE
General note Includes index.
650 #0 - SUBJECT ADDED ENTRY--TOPICAL TERM
Topical term or geographic name as entry element Cost accounting.
650 #0 - SUBJECT ADDED ENTRY--TOPICAL TERM
Topical term or geographic name as entry element Costs, Industrial.
650 #0 - SUBJECT ADDED ENTRY--TOPICAL TERM
Topical term or geographic name as entry element Accounting
General subdivision Standards.
700 1# - ADDED ENTRY--PERSONAL NAME
Personal name Rincón S., Carlos Augusto
Fuller form of name (Rincón Soto),
Relator term author.
830 #0 -
-- Colección: Ciencias Empresariales.
-- Contabilidad y Finanzas.
856 40 - LOCALIZACIÓN Y ACCESO ELECTRÓNICO
Identificador Uniforme del Recurso (URI/URL) https://app.vlex.com/#/sources/38441
942 ## -
-- RAA
999 ## -
-- 172933
-- 172933

No hay ítems disponibles.


CONTACTO


NOSOTROS


SITIOS DE INTERES

coordinacion.biblioteca.biblioteca@unienlinea.mx Misión, Visión y Objetivos Bases de datos
Directorio Bibliotecas Digitales y Repositorios
Normatividad Revistas y artículos
Convenios interbibliotecarios
Boletines



Hecho en México. Universidad Insurgentes (UIN). Todos los derechos reservados 2024. Esta página y sus contenidos pueden ser reproducidos con fines no lucrativos, siempre y cuando no se mutile, se cite la fuente completa y su dirección electrónicas. De otra forma requiere permiso previo por escrito de la institución




2024 Copyright Universidad Insurgentes | www.bibliouin.com.mx